[Event "Morelia/Linares"]
[Site "24"]
[Date "2007.02.18"]
[Round "2"]
[White "Ivanchuk, Vassily"]
[Black "Topalov, Veselin"]
[Result "1-0"]
[WhiteElo "2750"]
[BlackElo "2783"]
[Annotator "JvR"]
[PlyCount "81"]
[EventDate "2007.??.??"]

1. e4 c5 2. Nf3 d6 3. d4 cxd4 4. Nxd4 Nf6 5. Nc3 a6 6. Be3 e5 7. Nf3 Be7 8. Bc4
O-O 9. O-O Be6 10. Bxe6 $5 fxe6 11. Na4 $5 Ng4 $1 {Black gives a fine answer
to the novelty.} 12. Qd3 Nxe3 13. Qxe3 b5 14. Nb6 Ra7 15. Nd5 $1 Rb7 16. Qd2
Nc6 ({My preference has} 16... Nd7 $1 17. Rad1 Bh4 $1 18. Nxh4 Qxh4 19. f4 Rf7)
17. Rad1 Rd7 18. Qc3 Nb8 $1 19. Nxe7+ Qxe7 20. Rd3 h6 $2 {Hereafter, the
development by the black knight will be prevented.} ({Better is} 20... Rc7 21.
Qd2 Nc6 $1 {(Ivanchuk).}) 21. Rfd1 $1 Rfd8 22. h4 Kh7 23. R1d2 Qf8 24. Qb3 Qe8
25. a4 $1 Qg6 $5 {Topalov sacrifices a pawn for the freedom of his knight, but
he will be lost anyway.} ({If Black exchanges pawns by} 25... bxa4 26. Qxa4 {
, his queenside will be raided.}) 26. axb5 axb5 27. Re3 Na6 28. Qxb5 Nc5 29.
Qc4 Ra7 30. Re1 Qe8 31. b4 Na4 32. Qb3 Nb6 33. Red1 Rad7 34. Qd3 Rc8 35. c3 Ra7
36. Qe3 Ra6 37. Qe2 Nc4 38. Ra2 Rac6 39. Ra7 R6c7 40. Rda1 Qf7 $2 41. Qxc4 $1 {
A comparable idea occurs in a study by Bernhard Horwitz 1884.} (41. Qxc4 Rxa7
42. Rxa7 Rxc4 43. Rxf7 {loses a knight.}) 1-0

[Event "Morelia/Linares"]
[Site "24"]
[Date "2007.02.21"]
[Round "4"]
[White "Anand, Viswanathan"]
[Black "Morozevich, Alexander"]
[Result "1-0"]
[WhiteElo "2779"]
[BlackElo "2741"]
[Annotator "JvR"]
[PlyCount "117"]
[EventDate "2007.??.??"]

1. e4 e5 2. Nf3 Nc6 3. Bb5 a6 4. Ba4 Nf6 5. O-O Be7 6. Re1 b5 7. Bb3 d6 8. c3
O-O 9. h3 Nb8 10. d4 Nbd7 11. Nbd2 Bb7 12. Bc2 Re8 13. Nf1 Bf8 14. Ng3 c6 15.
Nf5 Qc7 $5 ({Known is} 15... g6 $2 16. Nh6+ Bxh6 17. Bxh6 {(Burstein-Thomson,
Moscow 1956).}) 16. dxe5 dxe5 17. Nh2 c5 18. Qf3 c4 $1 19. Bg5 Re6 20. Rad1 Nc5
21. Bxf6 $5 (21. Nh6+ Kh8 22. N2g4 Nxg4 {(Anand)} 23. Nxg4 {brings little
advantage.}) 21... Rxf6 22. Ng4 Re6 23. Nge3 Qa5 24. a3 g6 25. Nd5 $5 Rd8 $1 (
25... gxf5 $2 26. exf5 Rh6 27. Qg3+ Kh8 28. Qxe5+ f6 29. Nxf6 Bg7 30. Qxc5 Rxf6
31. Re7 {wins for White.}) 26. Qg3 Rd7 27. Nfe3 Qd8 28. Qf3 $2 ({Anand prefers
} 28. f3) 28... Bg7 29. a4 Red6 30. axb5 axb5 31. g4 Qh4 32. Ra1 Ne6 33. Qg3
Qxg3+ 34. fxg3 Nc5 $6 (34... f6 $1 {strengthens the centre.}) 35. h4 h6 36. Ra5
$1 Bc6 37. Nb4 {Black has difficulties on the queenside.} Bxe4 $2 (37... Bf8 $1
{(Anand)} 38. Nxc6 Rxc6 39. Rxb5 Rd2 $1 {gives a pawn for a counter.}) 38. Bxe4
Nxe4 39. Rxb5 Nd2 (39... Nxg3 $2 40. Kg2 Ne4 41. Nxc4 {costs material (Anand).}
) 40. Kg2 e4 41. Re2 Bf8 42. Ned5 {The central black pawns will fall.} e3 43.
Nxe3 Re6 44. Nbd5 Nb3 45. Nf4 Rc6 46. Nxc4 Rxc4 47. Rxb3 Kg7 48. Rb5 Bc5 49. g5
hxg5 50. hxg5 Be7 51. Kf3 Bd8 52. Re4 Rc6 53. Kg4 Rd2 54. Rd5 Rxd5 55. Nxd5 Re6
56. Rxe6 fxe6 57. Nf4 Kf7 58. Nd3 Bc7 59. Kf3 1-0

[Event "Morelia/Linares"]
[Site "24"]
[Date "2007.02.21"]
[Round "4"]
[White "Ivanchuk, Vassily"]
[Black "Carlsen, Magnus"]
[Result "0-1"]
[WhiteElo "2750"]
[BlackElo "2690"]
[Annotator "JvR"]
[PlyCount "120"]
[EventDate "2007.??.??"]

1. d4 Nf6 2. Nf3 e6 3. g3 d5 4. Bg2 b5 5. Nbd2 Bb7 6. Nb3 $5 a5 7. Bd2 Nc6 8.
Nc1 Bd6 9. Nd3 O-O 10. O-O Ne4 11. Be3 b4 12. Re1 {Ivanchuk has positioned his
pieces in a strange way.} Ba6 13. Nfe5 Ne7 14. f3 Nf5 15. Bf4 Nf6 16. c3 Ne7
17. Qd2 bxc3 18. bxc3 Rc8 $6 {Carlsen makes passive moves. White gets the
opportunity to take the initiative.} 19. Bg5 Bxd3 20. Nxd3 Nd7 21. e4 $1 c5 22.
exd5 exd5 23. Bh3 cxd4 24. cxd4 h6 25. Bf4 Bxf4 26. Nxf4 Rc4 27. Bf1 Rc8 28.
Bh3 Rc4 29. Bf1 Rc8 30. Rab1 Nf6 31. Rb5 Nc6 32. Rc5 $6 Qb6 $1 33. Rec1 g5 34.
Ne2 Ne5 35. Qc3 Nc4 36. Kh1 Nd7 37. Rxc8 Rxc8 {Black has equalised.} 38. Qd3
Nf6 39. Nc3 Qb2 40. Rc2 Qa1 41. Qd1 Qxd1 42. Nxd1 Re8 43. Kg2 Ne3+ 44. Nxe3
Rxe3 45. Kf2 Ra3 46. Bb5 h5 47. Ke2 Kg7 48. Rb2 h4 49. Kf2 $2 (49. gxh4 gxh4
50. Bd3 $1 {draws.}) 49... hxg3+ 50. hxg3 g4 $1 51. Be2 gxf3 52. Bxf3 a4 $1 53.
Rb5 $2 (53. g4 $1 Kh6 54. Re2 Kg6 55. Kg3 Rd3 56. Re5 Rxd4 57. g5 Nd7 58. Rxd5
Rxd5 59. Bxd5 Nb6 60. Bxf7+ $1 {defends well.}) 53... Rxa2+ 54. Ke3 a3 55. Ra5
Ra1 56. Kd2 a2 57. Kc2 Rf1 $1 58. Bd1 Ne4 59. g4 Nf2 60. Rxa2 Rxd1 {Carlsen
showed fine positional play in the endgame.} 0-1

[Event "Morelia/Linares"]
[Site "24"]
[Date "2007.02.22"]
[Round "5"]
[White "Aronian, Levon"]
[Black "Anand, Viswanathan"]
[Result "1-0"]
[WhiteElo "2744"]
[BlackElo "2779"]
[Annotator "JvR"]
[PlyCount "95"]
[EventDate "2007.??.??"]

1. d4 d5 2. c4 c6 3. Nf3 Nf6 4. Qc2 dxc4 5. Qxc4 Bf5 6. g3 Nbd7 7. Nc3 e6 8.
Bg2 Be7 9. O-O O-O 10. Re1 Ne4 11. Qb3 Qb6 12. Nh4 Bxh4 13. gxh4 Nef6 14. e4
Bg6 15. Qxb6 axb6 16. Bf4 Rfe8 17. Rad1 b5 $5 (17... e5 18. dxe5 Nxe5 {was
played in Georgiev - Smeets, Wijk aan Zee 2007.}) 18. Bd6 $1 e5 19. d5 Nh5 20.
Bf1 f6 21. b3 Nf4 22. a4 bxa4 23. bxa4 Bf7 24. Rb1 Ra7 25. Red1 Rc8 26. Ne2 $1
Nxe2+ ({The pointe is} 26... Bh5 $2 27. Nxf4 Bxd1 28. Rxd1 exf4 29. Bh3 b6 30.
Be6+ Kh8 31. dxc6 Rxc6 32. Bb8 $1 Rxe6 33. Bxa7 {(Aronian).}) 27. Bxe2 cxd5 28.
exd5 Nf8 29. Bb5 Raa8 30. Be7 Ng6 31. d6 Nxe7 32. Bd7 $1 ({White avoids} 32.
dxe7 Be8) 32... Nc6 $2 ({No good is} 32... Rcb8 33. dxe7 Be8 34. Be6+ Bf7 35.
Rxb7 $1 {(Marin)}) (32... Ng6 $1 33. Bxc8 Rxc8 34. Rxb7 {(Aronian)} Be6 {might
survive.}) 33. Rxb7 $1 Nd4 34. Bxc8 Rxc8 35. Rdb1 $1 Rf8 $1 36. Rb8 Be8 37. a5
Nf3+ 38. Kf1 $1 (38. Kg2 $2 Bc6 $1 {draws (Aronian).}) 38... Nd2+ 39. Ke1 Nxb1
40. a6 Bc6 41. a7 $1 Kf7 42. d7 Ke7 43. Rxf8 Kxd7 44. a8=Q Bxa8 45. Rxa8 h5 46.
Ra7+ Ke6 47. Rxg7 Kf5 48. Rg3 $1 {49. Rb3 will win the knight.} 1-0

[Event "Morelia/Linares"]
[Site "24"]
[Date "2007.02.25"]
[Round "7"]
[White "Leko, Peter"]
[Black "Anand, Viswanathan"]
[Result "0-1"]
[WhiteElo "2749"]
[BlackElo "2779"]
[Annotator "JvR"]
[PlyCount "82"]
[EventDate "2007.??.??"]

1. d4 Nf6 2. c4 e6 3. g3 d5 4. Nf3 dxc4 5. Bg2 a6 6. O-O Nc6 7. e3 Bd7 8. Nc3
b5 9. Ne5 Nxe5 10. dxe5 Nd5 11. Nxd5 exd5 12. Qxd5 Rb8 $5 ({Theory is} 12... c6
{White has a superior position anyway.}) 13. a4 Bb4 14. Rd1 Qe7 15. Bd2 Bc5 16.
axb5 axb5 17. Ba5 c6 18. Qd2 Rc8 19. Rac1 h5 $5 {Black has castling problems.}
({Notice} 19... Be6 $2 20. Bxc6+ $1 Rxc6 21. Qd8+ {(Marin).}) 20. b4 Ba7 21.
Ra1 Rh6 22. Qc3 Bf5 $6 (22... Bg4 $1 23. Rd6 Kf8 $1 24. Rxh6 gxh6 {minimizes
the white advantage.}) 23. e6 Rxe6 24. Qxg7 Bg4 25. Rd2 $6 ({Right is} 25.
Bxc6+ $1 Rexc6 26. Bd8 $1 Qf8 27. Qe5+ Be6 28. Qxb5 $1 Bb8 {(Aagaard)} 29. Bf6
{and White wins.}) 25... Bb8 26. h3 $2 (26. Qg8+ $1 Qf8 27. Qg5 Qe7 28. Qxe7+
Kxe7 29. f3 $1 {(Aagaard) keeps an edge.}) 26... Be5 27. Qg8+ Qf8 28. Qxf8+
Kxf8 29. Rc1 Bf5 {Anand will counter on the queenside.} 30. e4 Bh7 31. Bb6 Bf6
32. h4 Bxe4 ({Even better is} 32... Be7 $1 33. Bh3 Bxb4) 33. Bh3 Bd5 34. Bxe6
fxe6 35. Bc5+ Be7 36. Bxe7+ Kxe7 37. Rb2 ({Or} 37. Ra2 c5 $1 38. Ra5 Rb8 39.
Ra6 Kd7 $1) 37... Kd6 38. Kf1 c5 39. Ke2 cxb4 40. Rxb4 Kc5 41. Rcb1 Bc6 ({
White cannot stop the passed pawns, e.g.} 41... Bc6 42. Kd2 Rd8+ 43. Kc1 Rd4
44. R4b2 c3 45. Re2 b4 $1 46. Rxe6 Be4) 0-1

[Event "Morelia/Linares"]
[Site "24"]
[Date "2007.02.25"]
[Round "7"]
[White "Topalov, Veselin"]
[Black "Morozevich, Alexander"]
[Result "1-0"]
[WhiteElo "2783"]
[BlackElo "2741"]
[Annotator "JvR"]
[PlyCount "95"]
[EventDate "2007.??.??"]

{It is remarkable to play such a novelty at the highest level.} 1. e4 e6 2. d4
d5 3. Nc3 Nf6 4. e5 Nfd7 5. f4 c5 6. Nf3 Nc6 7. Be3 a6 8. Ne2 Qb6 9. Qc1 g5 10.
c3 cxd4 11. cxd4 Bb4+ 12. Kf2 f6 13. g3 {Topalov keeps his phalanx intact.} Rf8
14. Kg2 g4 15. Nh4 Rg8 $6 {Black loses time.} 16. h3 h5 17. hxg4 hxg4 18. Nc3
fxe5 19. fxe5 Ncxe5 $2 {Morozovich loses his patience.} ({Preferable is} 19...
Be7 20. Bd3 Nf8 21. Qd2 Bd7 22. Raf1 O-O-O 23. Nf5 $1 Ng6 $1) 20. dxe5 d4 21.
Na4 Qa5 22. Qc4 Nxe5 23. Qxd4 {Black only has a pawn for his piece.} Nf3 $5 24.
Nxf3 $1 gxf3+ 25. Kf2 Qxa4 26. Bd3 $6 (26. Bd2 $1 {triumphs at once.}) 26...
Qd7 $1 27. Qe4 $2 ({Topalov misses} 27. Rh8 $1 Qxd4 28. Rxg8+ Kf7 29. Bxd4 Kxg8
30. Rh1 {(Chepariov).}) 27... Bd6 $6 28. Rag1 $6 Qg7 29. Rh6 $5 Qxb2+ 30. Kxf3
Rf8+ 31. Bf4 Qe5 $6 32. Qg6+ $6 Kd8 33. Kg2 Qb2+ 34. Kh1 Bxf4 35. gxf4 Bd7 36.
Be4 Kc7 $4 ({Right is} 36... Qd4 $1) 37. Rb1 $1 Qf2 38. Rxb7+ $6 (38. Qg7 $1
Rab8 39. Rh7 {wins quickly.}) 38... Kc8 39. Rb1 $2 (39. Bg2 $1 {still prevails.
}) 39... Ra7 $1 40. f5 Rc7 $2 (40... Qf4 41. Re1 Rc7 {draws (Marin).}) 41. fxe6
Be8 42. Qg5 Qd4 43. Bg2 Rf4 44. e7 Rc5 45. Qg3 Rc3 46. Qe1 Re3 47. Qa5 Bb5 48.
Rc1+ {Topalov won after many blunders.   The first cycle had ended. Anand and
Carlsen led by 41/2/7, before Ivanchuk (4),  Aronian and Svidler (31/2),
Topalov and Lékó (3), Morozovich (2).} 1-0

[Event "Morelia/Linares"]
[Site "24"]
[Date "2007.03.04"]
[Round "10"]
[White "Anand, Viswanathan"]
[Black "Carlsen, Magnus"]
[Result "1-0"]
[WhiteElo "2779"]
[BlackElo "2690"]
[Annotator "JvR"]
[PlyCount "75"]
[EventDate "2007.??.??"]

{The second cycle was played in Linares from 2 until 10 March 2007. The
leaders drew in round eight and nine. Then, they met for the decisive battle.} 
1. e4 e5 2. Nf3 Nc6 3. Bb5 a6 4. Ba4 Nf6 5. O-O Be7 6. Re1 b5 7. Bb3 d6 8. c3
O-O 9. h3 Na5 10. Bc2 c5 11. d4 Nd7 12. d5 Nb6 13. Nbd2 g6 14. b4 $1 cxb4 15.
cxb4 Nac4 16. Nxc4 Nxc4 17. Bb3 $1 {White has an edge.} (17. Bh6 Re8 18. Bb3 {
happened in Lékó - Mamedyarov, Moscow 2006.}) 17... Nb6 $5 18. Be3 $1 Bd7 19.
Rc1 Rc8 20. Rxc8 Bxc8 21. Qc2 Bd7 22. Rc1 Na8 {Carlsen has chosen for a
passive response.} 23. Qd2 Qb8 24. Bg5 $1 Bxg5 ({Not} 24... f6 $4 25. Nxe5 $1)
25. Nxg5 Rc8 26. Rf1 $1 h6 $2 ({Black should play} 26... Qa7 $1 {The point is}
27. Ne6 $5 Nb6 $1 28. Qh6 $4 fxe6 29. dxe6 Bc6 30. e7+ Nc4) 27. Ne6 $3 {Anand
continues the attack brilliantly.} Kh7 $1 ({Insufficient is} 27... fxe6 28.
dxe6 Be8 29. Qxh6 Nb6 30. e7+ Nc4 31. Qf8+ Kh7 32. f4 Qa8 33. Rf3 Qxe4 34. f5
$1 gxf5 35. Rg3 $1 {(Anand).}) 28. f4 Qa7+ 29. Kh2 Be8 30. f5 gxf5 31. exf5 f6
({No good is} 31... fxe6 32. dxe6 Qd4 33. Qxd4 exd4 34. f6 {(after Anand).})
32. Re1 $1 {The rook might go to h4.} Nc7 ({Or} 32... Nb6 33. Re4 $1 Nc4 34.
Nf8+ $1 Kg7 35. Rg4+ {(Anand).}) 33. Rc1 $1 Bd7 34. Rc3 e4 35. Rg3 Nxe6 36.
dxe6 Be8 37. e7 $1 Bh5 38. Qxd6 {Anand has gained a lead of one point by a
tremendous game.} 1-0

[Event "Morelia/Linares"]
[Site "24"]
[Date "2007.03.07"]
[Round "12"]
[White "Ivanchuk, Vassily"]
[Black "Morozevich, Alexander"]
[Result "0-1"]
[WhiteElo "2750"]
[BlackElo "2741"]
[Annotator "JvR"]
[PlyCount "78"]
[EventDate "2007.??.??"]

1. e4 e5 2. Nf3 Nc6 3. d4 exd4 4. Nxd4 Bc5 5. Nb3 Bb6 6. Nc3 Nf6 7. Bg5 h6 8.
Bh4 d6 9. Qe2 O-O $5 10. O-O-O Re8 11. f3 Be6 12. Kb1 a5 $5 13. Bf2 $5 a4 $1
14. Nc5 $1 {Ivanchuk plays a witty move.} a3 $5 15. Nxe6 Rxe6 16. Bxb6 cxb6 17.
Qd2 $5 (17. b3 {would create the weakness b2.}) 17... axb2 18. Bc4 Re5 $1 19.
Bb3 ({Not} 19. Qxd6 $2 Qxd6 20. Rxd6 Rc5) 19... Rc5 20. Na4 Rca5 21. Nc3 $6 {
Capture of pawn b2 gains a plus.} Ne8 22. Nd5 Ne5 23. Qd4 Nd7 24. Rd2 Nc5 25.
Rhd1 $2 ({Right is} 25. Qxb2 {(Ivanchuk and Kuzmin).}) 25... Nxb3 26. axb3 Nc7
27. Nxc7 Qxc7 28. Qxb2 {White has captured this pawn too late.} b5 $1 29. Rxd6
b4 $1 {Black threatens .. Qc3.} 30. Rd7 $5 (30. g3 $2 Kh7 $1 31. R1d3 Ra3 {
introduces a fatal tripling on the a-file (Ivanchuk and Kuzmin).}) 30... Qxh2
31. Rxb7 $6 (31. R7d2 $1 {prolongs the game.}) 31... Qxg2 32. Rxb4 Qxf3 33.
Rbd4 Kh7 $1 {Black has prepared the advance of the h- pawn.} 34. b4 Ra4 35. e5
Qe2 36. R4d3 h5 37. b5 $6 Ra1+ $1 38. Qxa1 Rxa1+ 39. Kxa1 Qxe5+ 0-1

[Event "Morelia/Linares"]
[Site "24"]
[Date "2007.03.07"]
[Round "12"]
[White "Leko, Peter"]
[Black "Svidler, Peter"]
[Result "0-1"]
[WhiteElo "2749"]
[BlackElo "2728"]
[Annotator "JvR"]
[PlyCount "74"]
[EventDate "2007.??.??"]

1. e4 c5 2. Nf3 d6 3. d4 cxd4 4. Nxd4 Nf6 5. Nc3 a6 6. Be3 e5 7. Nb3 Be7 8. f3
Be6 9. Qd2 O-O 10. O-O-O a5 11. Qe1 Qc8 {Svidler plays aggressively after
eleven solid draws.} 12. a3 $5 ({Lékó avoids the usual} 12. a4) 12... a4 13.
Nd2 Nbd7 14. Kb1 Rd8 15. Bb5 d5 $1 16. exd5 Nxd5 17. Nxd5 Bxd5 18. Qe2 Qc7 19.
Ne4 Be6 20. Nc3 Nb6 21. Rxd8+ Rxd8 22. Nxa4 $6 (22. Rd1 Rxd1+ 23. Nxd1 {draws.}
) 22... Nc4 $1 23. Bxc4 Bxc4 24. Qf2 Qc6 25. Nb6 $6 (25. Nc3 $1 {brings the
knight in a useful defensive position (Svidler).}) 25... Be6 26. Qe2 f5 $1 {
Black has the initiative.} 27. Re1 Bf6 28. g3 h6 29. Bf2 e4 $1 30. fxe4 fxe4
31. a4 $2 {Lékó fails to defend accurately.} ({Correct is} 31. c4 $1 Bd4 32.
Nd5 {(Ftacnik)} Bxd5 33. cxd5 Rxd5 34. Be3) 31... Qd6 32. c4 $2 ({Better is} 
32. c3 {but} Qd3+ $1 33. Qxd3 exd3 34. Be3 $1 Bg5 $1 35. Bxg5 hxg5 36. Rd1 Bb3
$1 37. Rd2 $2 Re8 {will mate the white king (Svidler).}) 32... Qb4 $1 33. Nd5
Bxd5 34. cxd5 Rxd5 35. Qc2 Rd2 36. Qc8+ Kf7 37. Qc7+ Kg6 0-1

[Event "Morelia/Linares"]
[Site "24"]
[Date "2007.03.10"]
[Round "14"]
[White "Leko, Peter"]
[Black "Carlsen, Magnus"]
[Result "1-0"]
[WhiteElo "2749"]
[BlackElo "2690"]
[Annotator "JvR"]
[PlyCount "105"]
[EventDate "2007.??.??"]

{Carlsen trails on Anand by half-a-point at the beginning of the last round.} 
1. d4 Nf6 2. Nf3 e6 3. c4 b6 4. g3 Bb4+ 5. Bd2 Bxd2+ 6. Qxd2 Ba6 7. b3 O-O 8.
Nc3 d5 9. cxd5 exd5 10. Bg2 Re8 11. Ne5 c5 12. O-O Bb7 13. Rfd1 Na6 14. Qf4 Nc7
$5 ({Better is} 14... Qc7 {(Tukmakov - Van der Wiel, Rotterdam 1988).}) 15. Ng4
$1 Nxg4 16. Qxg4 Qf6 17. e3 Rad8 $2 (17... Rac8 $1 {(develops the last piece
and protects Nc7)} 18. Rac1 cxd4 $1 19. Qxd4 Qxd4 20. Rxd4 Nb5 $1 21. Rd3 Nxc3
22. Rdxc3 Rxc3 23. Rxc3 d4 $1 24. Rc7 Bxg2 25. Kxg2 dxe3 26. fxe3 Kf8 $1 {
draws.}) 18. Rac1 Qe7 19. dxc5 bxc5 20. Qa4 Rd7 $6 ({Preferable is} 20... a6
21. Qa5 Bc6) 21. Ne4 $3 {Carlsen has to lose a centre pawn.} d4 $1 ({Lékó gives
} 21... Ne6 22. Nxc5 $1) 22. exd4 Bxe4 23. Bxe4 Ne6 $1 24. d5 $1 Nd4 $1 25. Re1
Qd8 26. Kf1 Rde7 27. Bd3 Qc8 28. g4 $3 Rxe1+ 29. Rxe1 Rf8 30. h3 Qd8 31. Be4
Qb6 32. Bg2 g6 33. Kg1 Kg7 34. Qd7 Rd8 35. Qe7 a5 36. Kh1 Nb5 37. Re6 Nd6 38.
Qf6+ Kg8 39. Re7 a4 $6 40. bxa4 $6 (40. Rxf7 $1 {wins immediately.}) 40... c4
41. Kh2 Qb8 42. f4 Qc8 43. Re3 Re8 44. Rxe8+ Nxe8 45. Qc6 Qxc6 46. dxc6 Kf8 47.
Kg3 Ke7 48. Kf2 Kd6 49. Ke3 Kc5 50. g5 Nc7 51. a3 Ne6 52. Be4 c3 53. f5 {
Carlsen had not won the event.} 1-0

[Event "Morelia/Linares"]
[Site "24"]
[Date "2007.03.10"]
[Round "14"]
[White "Svidler, Peter"]
[Black "Morozevich, Alexander"]
[Result "0-1"]
[WhiteElo "2728"]
[BlackElo "2741"]
[Annotator "JvR"]
[PlyCount "56"]
[EventDate "2007.??.??"]

1. e4 e6 2. d4 d5 3. Nc3 Nf6 4. e5 Nfd7 5. f4 c5 6. Nf3 Nc6 7. Be3 a6 8. Qd2 b5
9. a3 Bb7 10. dxc5 Bxc5 11. Bxc5 Nxc5 12. Bd3 b4 $5 (12... Qb6 {stems from
Marra - Cubas, Sao Paulo 2005.}) 13. Ne2 $6 ({Slightly better is} 13. Nd1 Qb6
14. Qe3) 13... Qb6 14. Qe3 d4 $5 15. Nfxd4 Nxd4 16. Qxd4 bxa3 17. Rxa3 Rd8 18.
Qe3 Qxb2 19. Qxc5 $4 {White sacrifices an exchange, but Black continues the
attack.} Qb1+ 20. Kd2 Qxh1 21. Nc3 Qxh2 22. Ra4 Qxg2+ 23. Kc1 Rc8 24. Qb4 Qg1+
25. Nd1 Bf3 26. Rxa6 Qc5 27. Qa4+ Kf8 28. Ra5 Qg1 {Morozevich made a great
comeback in the second cycle.   Anand won the tournament and was the number
one of the world. Carlsen competed at the top for the first time. He shared
the second place with Morozevich.} 0-1

[Event "Morelia/Linares"]
[Site "25"]
[Date "2008.02.16"]
[Round "2"]
[White "Ivanchuk, Vassily"]
[Black "Leko, Peter"]
[Result "1-0"]
[WhiteElo "2751"]
[BlackElo "2753"]
[Annotator "JvR"]
[PlyCount "85"]
[EventDate "2008.??.??"]

{The first cycle was played in the Mexican city Morelia from 16 until 24 ii
2008. It is doubtful if the first cycle will occur in the same place next year.
} 1. e4 e5 2. Nf3 Nc6 3. Bb5 a6 4. Ba4 Nf6 5. O-O Be7 6. Re1 b5 7. Bb3 O-O 8.
d4 Nxd4 9. Bxf7+ {Ivanchuk chooses a wild variation.} Rxf7 10. Nxe5 Rf8 11.
Qxd4 c5 12. Qd1 Qc7 13. Ng4 Nxg4 14. Qxg4 d5 15. Qh5 dxe4 16. Qd5+ (16. Nc3 {
was played in Smejkal - Zaitsev, Polanica Zdroj 1970.}) 16... Kh8 17. Qxa8 Bb7
18. Qa7 $5 ({Known is} 18. Qxf8+ Bxf8 19. Nd2) 18... Ra8 19. Bf4 Qc6 20. Qxa8+
Bxa8 {The game is about equal.} 21. Be3 Qf6 22. c3 Bd6 23. Nd2 Qe5 $6 (23...
Bc6 $1 {prevents a2-a4 (Rogozenko).}) 24. g3 h6 25. a4 $1 {White starts an
attack.} Bc6 26. axb5 axb5 27. Nb3 Bf8 28. Red1 Bd5 29. h4 $5 Kg8 30. Nc1 g5 $6
31. hxg5 hxg5 32. Ra5 Qc7 33. Ra6 Qf7 34. Rb6 Be7 (34... b4 35. cxb4 cxb4 36.
Rb5 Be6 37. Rxg5+ {also costs a pawn.}) 35. Rxb5 Be6 36. Rb8+ Kg7 37. Rb7 Kh6
38. Re1 $2 ({Correct is} 38. Ne2) 38... Qf6 $2 {A disaster follows.} (38... Bh3
$1 39. f4 Qh5 40. Re2 Qf3 41. Kh2 Bf1 42. Rf2 Qxe3 43. fxg5+ Bxg5 44. Rxf1 c4 {
leads to equality.}) 39. Rb6 $1 Qf5 40. Nb3 $1 Kh5 41. Nd2 Bd7 42. Ra1 Bd8 $2
43. Rb8 $1 1-0

[Event "Morelia/Linares"]
[Site "25"]
[Date "2008.02.17"]
[Round "3"]
[White "Carlsen, Magnus"]
[Black "Anand, Viswanathan"]
[Result "0-1"]
[WhiteElo "2733"]
[BlackElo "2799"]
[Annotator "JvR"]
[PlyCount "118"]
[EventDate "2008.??.??"]

1. d4 d5 2. c4 c6 3. Nf3 Nf6 4. Nc3 e6 5. Bg5 h6 6. Bh4 dxc4 7. e4 g5 8. Bg3 b5
9. Ne5 h5 10. f3 h4 11. Bf2 Bb7 12. Be2 $5 Nbd7 13. Nxd7 Nxd7 14. O-O e5 $1 {
Anand counters in the centre timely.} 15. a4 a6 16. d5 Rh6 $1 17. dxc6 Bxc6 18.
axb5 $6 axb5 19. Rxa8 Qxa8 {The black queenside has been strengthened.} 20. Qc1
Rg6 21. Rd1 Bc5 22. Bxc5 Nxc5 23. Qe3 Nb3 $5 24. Qb6 $6 (24. f4 $1 gxf4 25. Qh3
Qa7+ 26. Kh1 {counters on the kingside (Anand).}) 24... Nd4 $1 25. Rxd4 $1 exd4
26. Nxb5 Bxb5 27. Qxb5+ Qc6 28. Qe5+ Re6 29. Qxd4 Qb6 30. Qxb6 Rxb6 31. Bxc4
Rxb2 {Black has a material advantage in the endgame.} 32. g3 f6 33. Be6 Ke7 34.
Bg4 Re2 $1 {Anand prevents the immediate f4.} 35. gxh4 gxh4 36. h3 Kd6 37. Kf1
Rb2 38. f4 Kc5 39. e5 Rb4 40. exf6 Rxf4+ 41. Ke2 Kd4 42. Bf3 Rxf6 {Black has
to capture on h3 under favourable conditions.} 43. Bb7 Rb6 44. Bc8 Ke4 45. Bg4
Rb2+ 46. Ke1 Ke3 47. Kf1 Kf4 48. Ke1 Kg3 49. Kf1 Rf2+ 50. Ke1 (50. Kg1 Rf7 $1 {
leads to zugzwang (Anand).}) 50... Rf4 51. Bc8 Rf8 52. Bg4 Kg2 53. Ke2 Re8+ 54.
Kd3 Kf2 55. Bf5 Re3+ 56. Kd4 Kf3 57. Bg4+ Kf4 58. Kd5 Re5+ 59. Kd4 Rg5 {Anand
had scored an important victory.} ({Notice} 59... Rg5 60. Bc8 Rg8 61. Be6 Rg6
62. Bc8 Rd6+ 63. Kc5 Rd1 $1 64. Bg4 Rg1 65. Be6 Kg3 66. Kd4 Rh1 $1 67. Bc8 Rxh3
) 0-1

[Event "Morelia/Linares"]
[Site "25"]
[Date "2008.02.19"]
[Round "4"]
[White "Ivanchuk, Vassily"]
[Black "Aronian, Levon"]
[Result "0-1"]
[WhiteElo "2751"]
[BlackElo "2739"]
[Annotator "JvR"]
[PlyCount "120"]
[EventDate "2008.??.??"]

1. e4 e5 2. Nf3 Nc6 3. Bb5 a6 4. Ba4 Nf6 5. O-O Be7 6. Re1 b5 7. Bb3 O-O 8. d4
Nxd4 9. Nxd4 exd4 10. e5 Ne8 11. Qxd4 Bb7 12. c4 bxc4 13. Qxc4 d5 14. exd6 Nxd6
15. Qg4 Nb5 16. Nc3 Nxc3 17. bxc3 Bd6 18. Bf4 Qf6 19. Bxd6 cxd6 20. Rad1 Rad8
21. Qb4 $1 {White gains an edge.} ({Ivanchuk improves on} 21. Re3 {(Carlsen -
Leko, Dortmund 2007).}) 21... Ba8 22. Re3 g6 23. Qb6 Qg5 24. Rg3 Qb5 25. Rxd6
Rxd6 26. Qxd6 a5 27. Qf4 Bd5 28. Rg5 f5 $2 ({Right is} 28... Qe8 $1) 29. Qe5 $1
Rd8 30. h4 $2 (30. Qxf5 $1 Bxb3 31. Qxb5 Rd1+ 32. Qf1 {wins quickly.}) 30... a4
31. Bc2 Qb8 $2 32. Qxf5 $1 Bxa2 33. Bxa4 Bf7 34. h5 Qb6 35. hxg6 hxg6 36. Qf4
Rc8 37. Rg3 $2 Rc4 $1 38. Qh6 $2 (38. Qe5 $1 Rxa4 39. Rh3 Ra1+ $1 40. Kh2 Kf8
41. Rh8+ Bg8 42. Rxg8+ Kxg8 43. Qe8+ {leads to perpetual check.}) 38... Rxa4
39. Rh3 Ra1+ 40. Kh2 Qd6+ 41. f4 Qf6 42. Qh7+ Kf8 43. Qh6+ Ke7 44. Re3+ Kd7 45.
Kg3 Ra4 46. Rd3+ Kc6 47. Rd4 Ra3 48. Rd3 Bd5 {Black has started an attack.} 49.
Qh3 Qf5 50. Qxf5 gxf5 {The ending is simple.} 51. Kh3 Ra1 52. Rd2 Rh1+ 53. Kg3
Rh6 54. Re2 Re6 55. Rd2 Rg6+ 56. Kh3 Kc5 57. Re2 Kc4 58. Rd2 Be4 59. g4 Kxc3
60. gxf5 Bxf5+ {Aronian made less blunders.} 0-1